Countries That Speak French - Sudden Death - Statistics

General Stats
  • This quiz has been taken 73 times
  • The average score is 13 of 26
Answers on the Grid
Answers color-coded by a green-red scale on the quiz's grid according to % correct below.
Andorra
Angola
Austria
Belgium
Benin
Brazil
Burundi
Cameroon
Canada
Central African Republic
Chad
Comoros
Democratic Republic of the Congo
Denmark
Djibouti
Equatorial Guinea
Fiji
Finland
France
Gabon
Germany
Guinea
Haiti
Ireland
Ivory Coast
Libya
Liechtenstein
Luxembourg
Madagascar
Monaco
Morocco
Netherlands
Niger
Norway
Rwanda
San Marino
Senegal
Seychelles
Sweden
Switzerland
Togo
Vanuatu
Zimbabwe
 
Answer Stats
Answer % Correct
France
94%
Canada
84%
Belgium
82%
Ivory Coast
63%
Haiti
61%
Democratic Republic of the Congo
60%
Monaco
58%
Chad
56%
Senegal
56%
Benin
52%
Cameroon
52%
Switzerland
52%
Luxembourg
50%
Gabon
48%
Central African Republic
47%
Djibouti
47%
Niger
44%
Burundi
37%
Guinea
35%
Madagascar
35%
Rwanda
29%
Togo
29%
Comoros
27%
Seychelles
27%
Vanuatu
26%
Equatorial Guinea
15%
No matching quizzes found
Score Distribution
Percent of People with Each Score
Percentile by Number Answered
Your Score History
You have not taken this quiz